000 00707cam a2200229 a 4500
001 000018727
005 20200929165840.0
008 760224s1975 xxca j 000 1 fre d
020 _a0775505609
040 _aDO-SdBNP
_bfre
_cLC
_dBNPHU
050 0 0 _aPZ24.1
_b.C54
082 _ann*
_bC549s
100 1 _aChoquette, Robert,
_d1905-
_940419
245 1 3 _aLe sorcier d'Anticosti et autres legendes canadiennes /
_cRobert Choquette ; ilustración Michele Théorêt.
260 _aMontréal :
_bFides,
_c1975.
300 _a123 p. :
_bil. ;
_c21 cm.
490 1 _aDu Goéland
650 0 _aLegends
_zCanada.
_940420
830 0 _aDu Goéland
_940421
910 _aCatalogación derivada / LC
049 _aBNGR
999 _c18247
_d18247